Химический состав подземных вод нецентрализованных источников водоснабжения Томского района Томской области; Вопросы естествознания; № 1 (15)
| Parent link: | Вопросы естествознания: научный журнал № 1 (15).— 2018.— [С. 97-102] |
|---|---|
| Hlavní autor: | |
| Korporativní autor: | |
| Další autoři: | , |
| Shrnutí: | Заглавие с экрана В статье изложены результаты исследований химического состава подземных вод нецентрализованных источников водоснабжения Томского района, используемых в хозяйственно-питьевых целях. В ходе работы изучены порядка 50 водопунктов. В результате сделаны выводы о качестве подземных вод и особенностях их химического состава. Также проведена оценка риска развития неканцерогенных эффектов. The article presents the results of research of the groundwater chemical composition, which is used for non-centralized domestic and drinking water supply in Tomsky district. Approximately 50 sampling points were studied. As a result, groundwater quality and peculiarities of its chemical composition were evaluated. Hazard quotients were calculated for noncancer risk assessment. |
| Jazyk: | ruština |
| Vydáno: |
2018
|
| Témata: | |
| On-line přístup: | https://www.irgups.ru/sites/default/files/irgups/doc/nauka/voprosy_estestvoznaniya_115_2018.pdf#page=98 |
| Médium: | Elektronický zdroj Kapitola |
| KOHA link: | https://koha.lib.tpu.ru/cgi-bin/koha/opac-detail.pl?biblionumber=660162 |
MARC
| LEADER | 00000naa0a2200000 4500 | ||
|---|---|---|---|
| 001 | 660162 | ||
| 005 | 20250331151655.0 | ||
| 035 | |a (RuTPU)RU\TPU\network\29130 | ||
| 035 | |a RU\TPU\network\25456 | ||
| 090 | |a 660162 | ||
| 100 | |a 20190429d2018 k||y0rusy50 ca | ||
| 101 | 0 | |a rus | |
| 102 | |a RU | ||
| 135 | |a drcn ---uucaa | ||
| 181 | 0 | |a i | |
| 182 | 0 | |a b | |
| 200 | 1 | |a Химический состав подземных вод нецентрализованных источников водоснабжения Томского района Томской области |d Hemical composition of groundwater of non-centralized water supply in the Tomsky district of Tomsk Region |f К. В. Зиновик, А. А. Хващевская, Е. А. Солдатова | |
| 203 | |a Текст |c электронный | ||
| 300 | |a Заглавие с экрана | ||
| 320 | |a [Библиогр.: с. 102 (12 назв.)] | ||
| 330 | |a В статье изложены результаты исследований химического состава подземных вод нецентрализованных источников водоснабжения Томского района, используемых в хозяйственно-питьевых целях. В ходе работы изучены порядка 50 водопунктов. В результате сделаны выводы о качестве подземных вод и особенностях их химического состава. Также проведена оценка риска развития неканцерогенных эффектов. | ||
| 330 | |a The article presents the results of research of the groundwater chemical composition, which is used for non-centralized domestic and drinking water supply in Tomsky district. Approximately 50 sampling points were studied. As a result, groundwater quality and peculiarities of its chemical composition were evaluated. Hazard quotients were calculated for noncancer risk assessment. | ||
| 461 | |t Вопросы естествознания |o научный журнал | ||
| 463 | |t № 1 (15) |v [С. 97-102] |d 2018 | ||
| 510 | 1 | |a Hemical composition of groundwater of non-centralized water supply in the Tomsky district of Tomsk Region |z eng | |
| 610 | 1 | |a труды учёных ТПУ | |
| 610 | 1 | |a электронный ресурс | |
| 610 | 1 | |a химический состав | |
| 610 | 1 | |a подземные воды | |
| 610 | 1 | |a водоснабжение | |
| 610 | 1 | |a загрязнение | |
| 610 | 1 | |a оценки | |
| 610 | 1 | |a риски | |
| 700 | 1 | |a Зиновик |b К. В. |g Ксения Вадимовна | |
| 701 | 1 | |a Хващевская |b А. А. |c гидрогеолог |c доцент Томского политехнического университета, кандидат геолого-минералогических наук |f 1969- |g Альбина Анатольевна |3 (RuTPU)RU\TPU\pers\26240 | |
| 701 | 1 | |a Солдатова |b Е. А. |c гидрогеолог |c инженер-исследователь Томского политехнического университета |f 1989- |g Евгения Александровна |3 (RuTPU)RU\TPU\pers\32042 | |
| 712 | 0 | 2 | |a Национальный исследовательский Томский политехнический университет |b Инженерная школа природных ресурсов |b Отделение геологии |3 (RuTPU)RU\TPU\col\23542 |
| 801 | 2 | |a RU |b 63413507 |c 20190429 |g RCR | |
| 856 | 4 | 0 | |u https://www.irgups.ru/sites/default/files/irgups/doc/nauka/voprosy_estestvoznaniya_115_2018.pdf#page=98 |
| 942 | |c CF | ||